| Tag |
First Indicator |
Second Indicator |
Subfields |
| LEADER |
00000cam a2200000 a 4500 |
| 001 |
in00000017327 |
| 005 |
20151007053526.0 |
| 008 |
870727s1988 ilua cb s00010 eng |
| 010 |
|
|
|a 87020755
|
| 020 |
|
|
|a 0809314215 :
|c $42.50
|
| 020 |
|
|
|a 0809314223 (pbk.) :
|c $24.95
|
| 035 |
|
|
|a (OCoLC)16404611
|
| 035 |
|
|
|9 AAB1959AM
|
| 040 |
|
|
|a DLC
|c DLC
|d TXA
|d UtOrBLW
|
| 043 |
|
|
|a n-us---
|
| 049 |
|
|
|a TXAM
|c [A12611351]
|
| 050 |
0 |
0 |
|a NA737.W7
|b A4 1988
|
| 082 |
0 |
|
|a 720/.92/4
|2 19
|
| 100 |
1 |
|
|a Wright, Frank Lloyd,
|d 1867-1959.
|
| 245 |
1 |
0 |
|a Frank Lloyd Wright in the realm of ideas /
|c edited by Bruce Brooks Pfeiffer and Gerald Nordland.
|
| 264 |
|
1 |
|a Carbondale :
|b Southern Illinois University Press,
|c [1988]
|
| 264 |
|
4 |
|c ©1988
|
| 300 |
|
|
|a xiii, 191 pages :
|b illustrations (some color) ;
|c 27 x 29 cm.
|
| 336 |
|
|
|a text
|b txt
|2 rdacontent
|
| 337 |
|
|
|a unmediated
|b n
|2 rdamedia
|
| 338 |
|
|
|a volume
|b nc
|2 rdacarrier
|
| 500 |
|
|
|a "Exhibition itinerary: LTV Center Pavilion, Dallas Museum of Art, Dallas, Texas, January-March 1988; National Museum of American History (Smithsonian Institution), Washington, D.C., June-September 1988; Center for the Fine Arts, Chicago, Illinois, June-September 1989; Scottsdale Center for the Arts, Scottsdale, Arizona, January-March 1990; San Diego Museum of Art, June-August 1990. The exhibition was organized by the Scottsdale Arts Center Association"--Title pageverso.
|
| 504 |
|
|
|a Bibliography: pages 189-191.
|
| 600 |
1 |
0 |
|a Wright, Frank Lloyd,
|d 1867-1959
|x Themes, motives
|x Exhibitions.
|
| 650 |
|
0 |
|a Architecture
|z United States
|x History
|y 20th century
|x Themes, motives
|v Exhibitions.
|
| 700 |
1 |
|
|a Pfeiffer, Bruce Brooks.
|
| 700 |
1 |
|
|a Nordland, Gerald.
|
| 710 |
2 |
|
|a Dallas Museum of Art.
|
| 710 |
2 |
|
|a Scottsdale Arts Center Association.
|
| 999 |
|
|
|a MARS
|
| 999 |
f |
f |
|s 12d9695e-60ac-3a27-a4b8-fda734676329
|i 7b6e7c0b-b72b-3e75-ba76-6a0a5cc7405e
|t 0
|
| 952 |
f |
f |
|p ric
|a Texas A&M University
|b Rellis Campus
|c Joint Library Facility
|d Remote Storage
|t 0
|e NA737.W7 A4 1988
|h Library of Congress classification
|i unmediated -- volume
|m A14812611351
|
| 998 |
f |
f |
|a NA737.W7 A4 1988
|t 0
|l Remote Storage
|